| 000 | 00456nam a2200169Ia 4500 | ||
|---|---|---|---|
| 008 | 231221s9999 xx 000 0 und d | ||
| 041 | _aEnglish | ||
| 082 | _a658.5 SCH;1 R | ||
| 100 | _aSchroeder, Roger G | ||
| 245 | 0 | _aOperations Management: decsion making with operation function | |
| 250 | _a4th ed. | ||
| 260 |
_c1993 _bT M H _aNew York |
||
| 300 | _axvi+848 | ||
| 440 | _aMcgraw-hill series in Management | ||
| 500 | _aE.-509 | ||
| 942 | _cHM | ||
| 999 |
_c208429 _d208429 |
||